Cricketer's name sudden death - Statistics

General Stats
  • This quiz has been taken 687 times
  • The average score is 6 of 20
Answers on the Grid
Answers color-coded by a green-red scale on the quiz's grid according to % correct below.
JOSHUA LITTLE
PETER HANDSCOB
VIRAJ SINGH
HARSHAL PATEL
JP DUMMINY
KG SMITH
N DICWELLA
COREY ANDERSON
JAMES GIBBS
DUNITH HASARANGA
PRAVEEN TAMBE
KESERIC WILLIAMS
PARTHIV SHAW
IMAM UR KHAN
MUJEEB UR RAHMAN
SCOTT BOLAND
TOM MURPHY
CRAIG PAUL
RACHIN RAVINDRA
RAVINDRA JADEJA
DAVID WIESE
SANDEEP LAMICHANE
AJAY JADEJA
TASKIN AHMED
RICKY POINTER
SAUD SHAKEEL
NITIN MENON
SHANE BOND
ABDUL AZAM
ROHIT PAUDEL
 
Answer Stats
Answer % Correct
JP DUMMINY
51%
RAVINDRA JADEJA
48%
SCOTT BOLAND
47%
COREY ANDERSON
46%
HARSHAL PATEL
46%
PETER HANDSCOB
46%
JOSHUA LITTLE
43%
RACHIN RAVINDRA
43%
MUJEEB UR RAHMAN
30%
SHANE BOND
29%
AJAY JADEJA
27%
DAVID WIESE
25%
N DICWELLA
25%
TASKIN AHMED
25%
SAUD SHAKEEL
21%
PRAVEEN TAMBE
20%
SANDEEP LAMICHANE
20%
ROHIT PAUDEL
10%
TOM MURPHY
9%
KESERIC WILLIAMS
8%
No matching quizzes found
Score Distribution
Percent of People with Each Score
Percentile by Number Answered
Your Score History
You have not taken this quiz